Дело о приостановлении отправления арестантов в Москву, Ригу, Санкт-Петербург и Финляндию по случаю открывшейся в данных местах ...

RUSMARC
00004509cmc2a2200000#x 450
001c12c5034-26f6-415d-8e64-13f7b836d05e
00520201006154304.0
100##$a20151203l18001832k l0rusy0189 ca
1010#$arus
102##$aRU
2001#$aДело о приостановлении отправления арестантов в Москву, Ригу, Санкт-Петербург и Финляндию по случаю открывшейся в данных местах болезни холеры
$j21 октября 1800 г. - 24 сентября 1832 г.
251##$cДело
300##$aОригинальный заголовок дела: Дело по отношению генерал-адъютанта Бенкендорфа, о приостановлении отправления арестантов в Москву, по случаю свирепствующей в ней болезни холеры. Тут же о приостановлении отправления арестантов в Ригу, в Санкт-Петербург и в Финляндию
300##$aРукописный текст. Чернила
801#0$aRU
$bРГИА
$c20151203
801#1$aRU
$bГлавНИВЦ
$c20151203
$2rusmarc
801#2$aRU
$bПБ им. Б.Н. Ельцина
$c20160621
$gRCR
$2rusmarc
850##$aФедеральное казенное учреждение "Российский государственный исторический архив" (РГИА)
852##$aРГИА
$j536
937##$hРГИА
$d12164256
$aASBIBLIO_SCAN
462#0$100100aa35af-4d9c-4c15-add6-f4c7b29d26b9
$12001
$a1830-1834 гг. Дела Департамента полиции исполнительной МВД за 1830 г.
$vД. 536
$1251
$cОпись
$1852
$j5
215##$a134 л.
$d36,5х26 см
371##$aДокумент не является опубликованным и широко распространяемым
105##$ay###
1222#$ad18001021##
$ad18320924##
461#0$10013e300ed0-cd39-49af-8489-5ba5b90fa401
$12001
$aДепартамент полиции исполнительной МВД
$1251
$cФонд
$1852
$j1286
035##$ac12c5034-26f6-415d-8e64-13f7b836d05e
605##$2acquisition_Prlib
$3LIBNET\UAF\0000089563
$aПредупреждение и борьба с эпидемиями в России
$lколлекция
5171#$aДело по отношению генерал-адъютанта Бенкендорфа, о приостановлении отправления арестантов в Москву, по случаю свирепствующей в ней болезни холеры. Тут же о приостановлении отправления арестантов в Ригу, в Санкт-Петербург и в Финляндию
Формат отображения